02026nam a2200505 a 450000500170000000800410001702000180005804100080007624500590008425001240014326000310026730000170029850000970031565300240041265300380043665300160047465300300049065300580052065300650057865300390064365300550068265300250073765300300076265301150079265300680090765300380097565300590101365300290107265300180110165300180111965300190113765300440115665300130120065300480121365300460126165300310130765300470133870000190138570000230140470000190142770000180144670000180146470000200148270000180150220240802121506.0100504t2016||||sp a f |||| 001 0 spa d a9788428216388 aspa aBiología molecular de la célula / cBruce Alberts a6a ed. en español de la obra original en inglesbTraducción Juan Francisco Montes Castillo ; Miquel Llobera i Sande aBarcelona: bOmega;c2016. a1350 p.bil. aAlberts, B. et al. (2016). Biología molecular de la célula. (6a ed.). Barcelona : Omega. aCélulas y genomas aQuímica celular y biosíntesis aProteínas aDNA, cromosomas y genomas aReplicación, reparación y recombinación del DNA aCómo leen las células el genoma: del DNA a la proteína aControl de la expresión génica aAnalisis de las células, móleculas y sistemas. aObservar las celulas aEstructura de la membrana aTransporte de moléculas pequeñas a través de la membrana y las propiedades eléctricas de las membranas aCompartimientos intracelulares y clasificación de proteínas aTráficode membrana intracelular aConversión energética: mitocondrias y cloroplastos aSeñalización celular aCitoesqueleto aCiclo celular aMuerte celular aUniones celulares y matrix extracelular aCáncer aDesarrollo de los organismos pluricelulares aCélulas madre y la renovación tisular aPatógenos e infección  aSistema inmunitario innato y el adaptativo1 aAlberts, Bruce1 aJohnson, Alexander1 aLewis, Julian.1 aMorgan, David1 aRaff, Martin.1 aRoberts, Keith.1 aWalter, Peter